[Event "zonal 3.3 (w)"]
[Site "Tagaytay City PHI"]
[Date "2013.01.28"]
[Round "8"]
[White "Nguyen Thi Thanh An"]
[Black "Hoang Thi Bao Tram"]
[Result "1/2-1/2"]
[WhiteElo "2279"]
[BlackElo "2322"]
[EventDate "2013.01.22"]
[PlyCount "119"]

1.Nf3 Nf6 2.g3 d5 3.Bg2 c6 4.O-O Bf5 5.d3 e6 6.b3 Be7 7.Bb2 h6 8.Nbd2 O-O 
9.c4 Nbd7 10.cxd5 exd5 11.Nd4 Bg6 12.Bh3 Re8 13.N2f3 Bd6 14.Rc1 Ne5 15.Rc2
Nxf3+ 16.Nxf3 Bh5 17.Bg2 Bxf3 18.Bxf3 Be5 19.Qa1 Bxb2 20.Qxb2 Qb6 21.b4 a6
22.a4 Re6 23.Rb1 Qd8 24.Qd4 Qd7 25.Kg2 Rc8 26.h4 Ree8 27.b5 cxb5 28.Rcb2 
Rc7 29.axb5 axb5 30.Rxb5 Re7 31.e3 Qc6 32.Bxd5 Nxd5 33.Qxd5 Qc3 34.Rxb7 
Rxb7 35.Rxb7 Rxb7 36.Qxb7 Qxd3 37.e4 Qd6 38.Qc8+ Kh7 39.Qf5+ Kg8 40.Qd5 
Qf6 41.e5 Qf5 42.Qd4 Qe6 43.Qe4 Qa6 44.g4 Qe6 45.Kg3 Qb3+ 46.Qf3 Qe6 47.
Qa8+ Kh7 48.Qe4+ Kg8 49.h5 Qb6 50.Qf3 Qe6 51.Qe3 Qd5 52.f4 Qc4 53.f5 Kf8 
54.Qd2 Qb3+ 55.Kf4 Qc4+ 56.Kf3 Qb3+ 57.Ke4 Qc4+ 58.Kf3 Qb3+ 59.Ke4 Qc4+ 
60.Kf3 1/2-1/2

[Event "zonal 3.3 (w)"]
[Site "Tagaytay City PHI"]
[Date "2013.01.28"]
[Round "8"]
[White "Pham Le Thao Nguyen"]
[Black "Nguyen Thi Mai Hung"]
[Result "1-0"]
[WhiteElo "2426"]
[BlackElo "2272"]
[EventDate "2013.01.22"]
[PlyCount "113"]

1.d4 d5 2.c4 e6 3.Nf3 Nf6 4.g3 dxc4 5.Bg2 c5 6.O-O Nc6 7.Qa4 Qa5 8.Qxc4 
cxd4 9.Nxd4 Nxd4 10.Qxd4 Be7 11.Bd2 Qa6 12.Bb4 Qa4 13.Bc5 Qxd4 14.Bxd4 O-O
15.Nc3 Rd8 16.Rfd1 Nd5 17.Be5 Nxc3 18.Rxd8+ Bxd8 19.bxc3 f6 20.Bd6 a5 21.
c4 Kf7 22.Kh1 Ra6 23.c5 b6 24.c6 h6 25.Bb8 a4 26.Rd1 Be7 27.c7 Ra5 28.Rd8 
Ba6 29.c8=Q Bxc8 30.Rxc8 a3 31.Bc6 g5 32.Be8+ Kg7 33.Bd7 e5 34.Be6 Rb5 35.
Rc7 Kf8 36.Rd7 Rb1+ 37.Kg2 Ke8 38.Bd6 Bxd6 39.Rxd6 Ke7 40.Rc6 Rb2 41.e4 b5
42.Bd5 b4 43.Re6+ Kf7 44.Rxe5+ Kg6 45.Re6 Rd2 46.Rb6 Rd4 47.Kf3 h5 48.h3 
Kg7 49.Ke3 Rd1 50.Rxb4 Rh1 51.Be6 Rh2 52.Ra4 h4 53.gxh4 gxh4 54.Rxa3 Kh6 
55.Ra7 Rh1 56.Kf4 Rg1 57.f3 1-0

[Event "zonal 3.3 (w)"]
[Site "Tagaytay City PHI"]
[Date "2013.01.28"]
[Round "8"]
[White "Batkhuyag, Munguntuul"]
[Black "Galas, Bernadette"]
[Result "0-1"]
[WhiteElo "2453"]
[BlackElo "1996"]
[EventDate "2013.01.22"]
[PlyCount "66"]

1.e4 c5 2.Nf3 Nc6 3.d4 cxd4 4.Nxd4 Nf6 5.Nc3 e5 6.Ndb5 d6 7.Nd5 Nxd5 8.
exd5 Nb8 9.c4 Be7 10.Be2 O-O 11.O-O a6 12.Nc3 f5 13.f3 Nd7 14.Be3 Qe8 15.
b4 Kh8 16.c5 Nf6 17.f4 e4 18.Rc1 Bd7 19.a4 Qf7 20.b5 dxc5 21.d6 Bd8 22.
Bxc5 Ba5 23.Qd4 Rfc8 24.Bb6 Bxb6 25.Qxb6 Qb3 26.Qd4 h6 27.h3 Qb2 28.Rfe1 
a5 29.b6 Bxa4 30.Qxa4 Rxc3 31.Qa1 Qxb6+ 32.Kh2 Rxc1 33.Qxc1 Qxd6 0-1

[Event "zonal 3.3 (w)"]
[Site "Tagaytay City PHI"]
[Date "2013.01.28"]
[Round "8"]
[White "Aulia, Medina Warda"]
[Black "Sihite, Chelsie Monica"]
[Result "1-0"]
[WhiteElo "2309"]
[BlackElo "2264"]
[EventDate "2013.01.22"]
[PlyCount "79"]

1.e4 e5 2.Nf3 Nc6 3.Bc4 Nf6 4.d3 Be7 5.O-O d6 6.c3 Na5 7.Bb5+ c6 8.Ba4 b5 
9.Bc2 c5 10.d4 Qc7 11.a4 b4 12.cxb4 cxb4 13.Bd2 Rb8 14.Re1 Ba6 15.b3 O-O 
16.h3 Nd7 17.Ra2 Nc6 18.Be3 Bf6 19.d5 Nd4 20.Nxd4 exd4 21.Bxd4 Bxd4 22.
Qxd4 Qc5 23.Qd1 Ne5 24.Nd2 Rfc8 25.Nf1 Rc7 26.Ne3 Qc3 27.Nf5 Rd8 28.Re3 
Qc5 29.Rg3 g6 30.Qd2 Bc8 31.Kh2 f6 32.f4 Nf7 33.Nd4 Bd7 34.Ne6 Bxe6 35.
dxe6 Nh6 36.Bd3 Qc1 37.Bc4 Rxc4 38.bxc4 Qxc4 39.f5 Kg7 40.Rc2 1-0

[Event "zonal 3.3 (w)"]
[Site "Tagaytay City PHI"]
[Date "2013.01.28"]
[Round "8"]
[White "Fisabilillah, Ummi"]
[Black "Hoang Thi Nhu Y"]
[Result "0-1"]
[WhiteElo "1853"]
[BlackElo "2245"]
[EventDate "2013.01.22"]
[PlyCount "103"]

1.e4 c5 2.Nc3 Nc6 3.g3 g6 4.Bg2 Bg7 5.d3 d6 6.Be3 Nf6 7.h3 O-O 8.Qd2 Nd4 
9.Nd1 e5 10.Ne2 d5 11.c3 Ne6 12.Qc2 b6 13.O-O dxe4 14.dxe4 Ba6 15.f3 Nh5 
16.Kh2 Bd3 17.Qd2 f5 18.Nf2 Bxe2 19.Qxe2 Nxg3 20.Kxg3 f4+ 21.Kh2 fxe3 22.
Qxe3 Nf4 23.Rad1 Qg5 24.Bh1 Nxh3 25.Qxg5 Nxg5 26.Nh3 Nf7 27.Bg2 Rfd8 28.
Rfe1 Bh6 29.Kh1 Bd2 30.Re2 Bf4 31.Ree1 Kg7 32.a4 Bg3 33.Rg1 Bf4 34.Rge1 
Kf6 35.Nf2 Bg3 36.Ng4+ Ke7 37.Rf1 Bf4 38.Nf2 Bd2 39.Bh3 h5 40.Kg2 Ng5 41.
Rh1 Rd6 42.Rhf1 Rad8 43.Rh1 Rf8 44.Rhf1 Rxf3 45.Bc8 Be3 46.Rxd6 Kxd6 47.
Nd1 Rxf1 48.Kxf1 Bc1 49.Bb7 Ne6 50.b3 Nf4 51.Nf2 Bd2 52.c4 0-1

[Event "zonal 3.3 (w)"]
[Site "Tagaytay City PHI"]
[Date "2013.01.28"]
[Round "8"]
[White "Citra, Dewi Andhiani Anastasia"]
[Black "Perena, Catherine"]
[Result "0-1"]
[WhiteElo "2180"]
[BlackElo "2153"]
[EventDate "2013.01.22"]
[PlyCount "98"]

1.e4 e5 2.Nf3 Nf6 3.Nxe5 d6 4.Nf3 Nxe4 5.Nc3 Nf6 6.d4 d5 7.Bd3 Be7 8.Ne5 
Nc6 9.Bb5 Bd7 10.Nxd7 Qxd7 11.O-O O-O 12.a3 a6 13.Bd3 h6 14.Ne2 Bd6 15.c3 
Rfe8 16.Ng3 Ne7 17.h3 Ng6 18.Nf5 Bf4 19.Qf3 Bxc1 20.Raxc1 Ne4 21.Qg4 Rad8 
22.c4 Nd2 23.Rfd1 Nxc4 24.Bxc4 dxc4 25.h4 h5 26.Qxh5 Re4 27.g3 Nf8 28.Qf3 
Rde8 29.Rxc4 Nh7 30.Rdc1 c6 31.Kg2 g6 32.Ne3 Rxd4 33.Rc5 Re6 34.Nc4 Qe7 
35.Ne3 Nf6 36.R1c4 Rd2 37.Nd1 Ne4 38.Ra5 Qd8 39.b4 Rdd6 40.Qf4 Nf6 41.Ne3 
Rd2 42.Rg5 Qd3 43.Nf1 Rd1 44.Ne3 Rxe3 45.fxe3 Qe2+ 46.Qf2 Qxc4 47.Qxf6 
Qc2+ 48.Kh3 Rh1+ 49.Kg4 Qe4+ 0-1

[Event "zonal 3.3 (w)"]
[Site "Tagaytay City PHI"]
[Date "2013.01.28"]
[Round "8"]
[White "Jose, Rulp Ylem"]
[Black "San Diego, Marie Antoinette"]
[Result "1/2-1/2"]
[WhiteElo "2026"]
[BlackElo "1923"]
[EventDate "2013.01.22"]
[PlyCount "64"]

1.d4 d5 2.Nf3 Nf6 3.c4 c6 4.g3 a6 5.Bg2 h6 6.O-O Bf5 7.Nc3 e6 8.b3 Bb4 9.
Bb2 Qa5 10.Qc1 O-O 11.Nd2 Nbd7 12.e4 dxe4 13.Ndxe4 Qc7 14.a3 Be7 15.Qe3 
Nxe4 16.Nxe4 Nf6 17.d5 Bxe4 18.Bxe4 cxd5 19.cxd5 Nxd5 20.Qf3 Rad8 21.Rfd1 
b5 22.Rac1 Qb6 23.Bxd5 exd5 24.Rxd5 Rxd5 25.Qxd5 Rd8 26.Qf3 Qd6 27.h4 Bf8 
28.Kg2 Qd2 29.Qc3 Qd5+ 30.Kg1 Qe6 31.Re1 Qd5 32.b4 Qd2 1/2-1/2

[Event "zonal 3.3 (w)"]
[Site "Tagaytay City PHI"]
[Date "2013.01.28"]
[Round "8"]
[White "Batchimeg, Tuvshintugs"]
[Black "Tambasen, Mary Grace"]
[Result "1-0"]
[WhiteElo "2323"]
[BlackElo "1825"]
[EventDate "2013.01.22"]
[PlyCount "77"]

1.e4 e5 2.Nf3 d6 3.Bc4 Be7 4.d3 Nf6 5.O-O O-O 6.c3 a5 7.Re1 b6 8.Nbd2 Bb7 
9.Nf1 Qd7 10.a4 Nc6 11.Ng3 Nd8 12.d4 exd4 13.cxd4 d5 14.Ne5 Qc8 15.exd5 
Bxd5 16.Bxd5 Nxd5 17.Qf3 Bb4 18.Re2 Ne7 19.Rc2 Ne6 20.Be3 Qe8 21.d5 Nc5 
22.Bd4 Rd8 23.Nh5 f6 24.Qg4 g6 25.Bxc5 fxe5 26.Bxb4 axb4 27.Rxc7 Nxd5 28.
Ng7 Rf4 29.Qh3 Nxc7 30.Nxe8 Rxe8 31.Qb3+ Kg7 32.Rd1 Re7 33.g3 Rf6 34.Qxb4 
Ref7 35.Qe4 Rxf2 36.Qxe5+ R2f6 37.Rd6 Ne6 38.Rxb6 Rd7 39.a5 1-0

[Event "zonal 3.3 (w)"]
[Site "Tagaytay City PHI"]
[Date "2013.01.29"]
[Round "9"]
[White "Perena, Catherine"]
[Black "Nguyen Thi Thanh An"]
[Result "1-0"]
[WhiteElo "2153"]
[BlackElo "2279"]
[EventDate "2013.01.22"]
[PlyCount "164"]

1.d4 Nf6 2.c4 g6 3.Nf3 Bg7 4.Nc3 O-O 5.g3 c5 6.Bg2 cxd4 7.Nxd4 Nc6 8.O-O 
Qb6 9.e3 d6 10.b3 Bg4 11.Qd2 Rad8 12.Bb2 a6 13.h3 Bc8 14.Rfd1 e6 15.Nde2 
d5 16.cxd5 exd5 17.Na4 Qc7 18.Qc3 Be6 19.Rac1 Qb8 20.Nb6 Qa7 21.Na4 Rc8 
22.Qe1 Rfd8 23.Nf4 Ne7 24.Bd4 Qb8 25.Nc5 Bd7 26.Bxf6 Bxf6 27.Nxd5 Nxd5 28.
Rxd5 Rc7 29.Qd2 Qc8 30.Rd1 Rxc5 31.Rxd7 Rxd7 32.Qxd7 Qxd7 33.Rxd7 Rc1+ 34.
Bf1 b5 35.Rd6 Bc3 36.Rxa6 b4 37.Ra8+ Kg7 38.Ra7 Kg8 39.g4 f6 40.Kg2 Rc2 
41.Bd3 Rb2 42.Kf1 Kh8 43.h4 Rd2 44.Be4 Rd8 45.h5 Rg8 46.Ke2 Rg7 47.Ra8+ 
Rg8 48.Ra5 Kg7 49.Ra7+ Kh6 50.f4 Rg7 51.Ra5 Re7 52.Kf3 Kg7 53.hxg6 hxg6 
54.a4 bxa3 55.Rxa3 Bd2 56.Ra2 Bc3 57.Rc2 Ba5 58.Rc4 Bb6 59.Rc6 Ba5 60.g5 
f5 61.Bd5 Rc7 62.Ra6 Bd2 63.Re6 Rc2 64.e4 Rc7 65.Bc6 fxe4+ 66.Bxe4 Rc3+ 
67.Kg4 Rxb3 68.Rxg6+ Kf8 69.Re6 Ra3 70.Rd6 Bc1 71.Kf5 Ra4 72.Rc6 Be3 73.
Rc8+ Ke7 74.Rc7+ Kd6 75.Rf7 Ra7 76.Rf6+ Ke7 77.Re6+ Kf8 78.Kg4 Re7 79.Rxe7
Kxe7 80.f5 Kd6 81.Bc2 Ke5 82.Kh5 Bf4 1-0

[Event "zonal 3.3 (w)"]
[Site "Tagaytay City PHI"]
[Date "2013.01.29"]
[Round "9"]
[White "Hoang Thi Bao Tram"]
[Black "Galas, Bernadette"]
[Result "0-1"]
[WhiteElo "2322"]
[BlackElo "1996"]
[EventDate "2013.01.22"]
[PlyCount "92"]

1.d4 d5 2.Nf3 Nf6 3.c3 c5 4.e3 Bg4 5.dxc5 Nc6 6.Bb5 Qc7 7.Nbd2 e6 8.b4 Be7
9.Bb2 O-O 10.Bxc6 bxc6 11.Nb3 Nd7 12.Qc2 Bf6 13.O-O Bxf3 14.gxf3 Qe5 15.
Nd4 Qh5 16.Qe2 e5 17.Nxc6 e4 18.Kh1 Ne5 19.Rg1 Nxc6 20.c4 Ne5 21.cxd5 exf3
22.Qd2 Ng4 23.Rxg4 Qxg4 24.Rg1 Qh4 25.c6 Rae8 26.d6 Re5 27.d7 Rh5 28.Qd6 
Bxb2 29.c7 Qxh2+ 30.Qxh2 Rxh2+ 31.Kxh2 Be5+ 32.Kh3 Bxc7 33.Rc1 Bd8 34.a4 
f5 35.Rc6 Rf7 36.Rd6 Kf8 37.a5 Rf6 38.Rd5 Ke7 39.Kg3 g6 40.Kxf3 Rd6 41.
Re5+ Kxd7 42.Rb5 Kc7 43.Rc5+ Kb7 44.Re5 Rd2 45.Re6 Ra2 46.Rd6 Bh4 0-1

[Event "zonal 3.3 (w)"]
[Site "Tagaytay City PHI"]
[Date "2013.01.29"]
[Round "9"]
[White "Nguyen Thi Mai Hung"]
[Black "Aulia, Medina Warda"]
[Result "0-1"]
[WhiteElo "2272"]
[BlackElo "2309"]
[EventDate "2013.01.22"]
[PlyCount "66"]

1.d4 d5 2.Bf4 e6 3.e3 Nf6 4.Nd2 Bd6 5.Bg3 Bxg3 6.hxg3 Nbd7 7.Ngf3 Qe7 8.c4
c6 9.Qc2 h6 10.Be2 e5 11.cxd5 Nxd5 12.a3 N5f6 13.Nc4 exd4 14.Nxd4 Nc5 15.
O-O O-O 16.Bf3 Nce4 17.Rfd1 c5 18.Nb5 Bf5 19.Qe2 Rfd8 20.Rxd8+ Rxd8 21.Rd1
a6 22.Nc3 Nxc3 23.bxc3 b5 24.Na5 Rxd1+ 25.Qxd1 c4 26.Qa1 Be4 27.a4 Qe5 28.
axb5 axb5 29.Qa3 Qd5 30.Qb4 h5 31.Qb2 g5 32.Bxe4 Qd1+ 33.Kh2 Ng4+ 0-1

[Event "zonal 3.3 (w)"]
[Site "Tagaytay City PHI"]
[Date "2013.01.29"]
[Round "9"]
[White "Sihite, Chelsie Monica"]
[Black "Pham Le Thao Nguyen"]
[Result "0-1"]
[WhiteElo "2264"]
[BlackElo "2426"]
[EventDate "2013.01.22"]
[PlyCount "70"]

1.e4 c5 2.f4 e6 3.Nf3 a6 4.a4 Qc7 5.g3 b6 6.Bg2 Bb7 7.d3 d6 8.Nbd2 Nc6 9.
c3 Nf6 10.O-O Be7 11.Bh3 b5 12.Qe2 Nd7 13.axb5 axb5 14.Rxa8+ Bxa8 15.Rf2 
Bb7 16.Nf1 Na5 17.f5 e5 18.Bg5 Bxg5 19.Nxg5 Nf6 20.Nd2 O-O 21.Ngf3 c4 22.
d4 exd4 23.Nxd4 Qc5 24.g4 Re8 25.g5 Nxe4 26.Bg2 Nf6 27.gxf6 Rxe2 28.Rxe2 
gxf6 29.Bxb7 Nxb7 30.Ne4 Qa7 31.Nxf6+ Kg7 32.Nd5 Nc5 33.Nxb5 Qa1+ 34.Kg2 
Nd3 35.Nd4 Qa8 0-1

[Event "zonal 3.3 (w)"]
[Site "Tagaytay City PHI"]
[Date "2013.01.29"]
[Round "9"]
[White "Hoang Thi Nhu Y"]
[Black "Citra, Dewi Andhiani Anastasia"]
[Result "1/2-1/2"]
[WhiteElo "2245"]
[BlackElo "2180"]
[EventDate "2013.01.22"]
[PlyCount "63"]

1.c4 c5 2.Nf3 Nf6 3.b3 b6 4.g3 Bb7 5.Bg2 d5 6.cxd5 Qxd5 7.O-O e6 8.Nc3 Qd8
9.d4 Nd5 10.Bb2 cxd4 11.Nxd5 Bxd5 12.Nxd4 Bxg2 13.Kxg2 Qd5+ 14.Nf3 Qxd1 
15.Rfxd1 f6 16.Nd4 Kf7 17.Nb5 a6 18.Nd6+ Bxd6 19.Rxd6 b5 20.Rc1 Ra7 21.Bd4
Rb7 22.f4 Re8 23.e3 Ree7 24.Kf3 a5 25.Bb6 a4 26.Rc5 axb3 27.axb3 Red7 28.
Rxd7+ Nxd7 29.Rc7 Rxc7 30.Bxc7 Nc5 31.b4 Nd7 32.Ke4 1/2-1/2

[Event "zonal 3.3 (w)"]
[Site "Tagaytay City PHI"]
[Date "2013.01.29"]
[Round "9"]
[White "Batchimeg, Tuvshintugs"]
[Black "Fisabilillah, Ummi"]
[Result "1-0"]
[WhiteElo "2323"]
[BlackElo "1853"]
[EventDate "2013.01.22"]
[PlyCount "43"]

1.e4 e6 2.e5 d5 3.b4 Nd7 4.f4 Bxb4 5.c3 Bf8 6.Nf3 Ne7 7.d4 Ng6 8.Bd3 c5 9.
O-O c4 10.Bc2 Nb6 11.a4 Bd7 12.Ng5 Be7 13.Qh5 Bxg5 14.fxg5 Bc6 15.Ba3 Nc8 
16.Bxg6 fxg6 17.Qh3 Ne7 18.Qxe6 Qd7 19.Qf7+ Kd8 20.e6 Qc7 21.Qxg7 Re8 22.
Rf7 1-0

[Event "zonal 3.3 (w)"]
[Site "Tagaytay City PHI"]
[Date "2013.01.29"]
[Round "9"]
[White "Tambasen, Mary Grace"]
[Black "Jose, Rulp Ylem"]
[Result "0-1"]
[WhiteElo "1825"]
[BlackElo "2026"]
[EventDate "2013.01.22"]
[PlyCount "52"]

1.e4 d5 2.e5 Bf5 3.f4 c5 4.d3 e6 5.Nf3 Nc6 6.Be2 h5 7.O-O h4 8.c4 d4 9.
Nbd2 Be7 10.Ne4 Qc7 11.a3 Bxe4 12.dxe4 g5 13.fxg5 Nxe5 14.Nxe5 Qxe5 15.
Qa4+ Kf8 16.Qd7 Rd8 17.Qxb7 d3 18.Bxd3 Qd4+ 19.Kh1 Qxd3 20.Bf4 h3 21.gxh3 
Qxh3 22.Rf2 Qd3 23.Rg1 Rh4 24.Rgf1 Rd4 25.b4 Rxe4 26.bxc5 Qxc4 0-1